[Event "Titled Tuesday intern op 2nd Febr"]
[Site "Chess.com INT"]
[Date "2016.02.02"]
[Round "3"]
[White "Socko, Bartosz"]
[Black "Chadaev, Nikolay"]
[Result "1-0"]
[WhiteElo "2577"]
[BlackElo "2591"]
[PlyCount "75"]
[EventDate "2016.02.02"]
[EventType "swiss (blitz)"]
[EventRounds "9"]
[EventCountry "USA"]
[SourceTitle "EXT 2021"]
[Source "ChessBase"]
[SourceDate "2020.10.23"]
[SourceVersion "1"]
[SourceVersionDate "2020.10.23"]
[SourceQuality "1"]

1. e4 e5 2. Nf3 Nc6 3. Bc4 Bc5 4. c3 Nf6 5. d4 exd4 6. e5 d5 7. Bb5 Ne4 8. cxd4 Bb6 9. Nc3 0-0 10. Be3 Bg4 11. Qc2 Nxc3 12. bxc3 f6 13. Bxc6 bxc6 14. exf6 Qxf6 15. Ne5 Bf5 16. Qd2 c5 17. 0-0 cxd4 18. cxd4 h6 19. Rac1 c5 20. dxc5 Qxe5 21. cxb6 axb6 22. Bxb6 Rfc8 23. Bd4 Qd6 24. Qb2 Qg6 25. Qb7 Kh7 26. g3 Bh3 27. Rxc8 Rxc8 28. Re1 Rc4 29. Qxd5 Rc2 30. a4 Qd3 31. Qe5 Qg6 32. a5 Ra2 33. Qd5 Ra4 34. Bc3 h5 35. Qb5 Ra2 36. Re7 Qc2 37. Qxh5+ Kg8 38. Re8# 1-0

[Event "Titled Tuesday intern op 1st Dec"]
[Site "Chess.com INT"]
[Date "2015.12.01"]
[Round "7"]
[White "Abdusattorov, Nodirbek"]
[Black "Chadaev, Nikolay"]
[Result "0-1"]
[WhiteElo "2429"]
[BlackElo "2591"]
[PlyCount "103"]
[EventDate "2015.12.01"]
[EventType "swiss (blitz)"]
[EventRounds "9"]
[EventCountry "USA"]
[SourceTitle "EXT 2021"]
[Source "ChessBase"]
[SourceDate "2020.10.23"]
[SourceVersion "1"]
[SourceVersionDate "2020.10.23"]
[SourceQuality "1"]

1. e4 c5 2. Nf3 g6 3. c3 Nf6 4. e5 Nd5 5. d4 cxd4 6. cxd4 Bg7 7. Bc4 Nb6 8. Bb3 0-0 9. 0-0 d6 10. Nc3 Nc6 11. exd6 Qxd6 12. Ne4 Qd8 13. Be3 Na5 14. Nc5 Nxb3 15. Qxb3 Qd5 16. Rac1 Qxb3 17. Nxb3 Nd5 18. Rc5 Rd8 19. Rfc1 b6 20. R5c2 Bf5 21. Rc4 Bd3 22. Rc6 Bb5 23. R6c2 a5 24. Nbd2 Nb4 25. Rc7 Nxa2 26. Ra1 Nb4 27. Rxe7 Nd5 28. Re4 h6 29. g4 Rac8 30. h3 Bd3 31. Re5 f6 32. Re4 Kf7 33. Ra3 Bxe4 34. Nxe4 Bf8 35. Rd3 Rc2 36. b3 b5 37. Bd2 a4 38. bxa4 bxa4 39. Nc5 Bxc5 40. dxc5 Rxc5 41. Be3 Rc3 42. Rd4 a3 43. Bd2 a2 44. Bxc3 Nxc3 45. Rxd8 a1Q+ 46. Kg2 Ne2 47. Rd7+ Ke8 48. Rd2 Nf4+ 49. Kg3 g5 50. Rd4 Ne2+ 51. Kg2 Nxd4 52. Nxd4 0-1

[Event "Titled Tuesday intern op 1st Dec"]
[Site "Chess.com INT"]
[Date "2015.12.01"]
[Round "5"]
[White "Meskovs, Nikita"]
[Black "Chadaev, Nikolay"]
[Result "1-0"]
[WhiteElo "2511"]
[BlackElo "2591"]
[PlyCount "111"]
[EventDate "2015.12.01"]
[EventType "swiss (blitz)"]
[EventRounds "9"]
[EventCountry "USA"]
[SourceTitle "EXT 2021"]
[Source "ChessBase"]
[SourceDate "2020.10.23"]
[SourceVersion "1"]
[SourceVersionDate "2020.10.23"]
[SourceQuality "1"]

1. d4 Nf6 2. c4 g6 3. Nc3 Bg7 4. e4 0-0 5. Nf3 d6 6. h3 Nc6 7. Be3 e5 8. d5 Nd4 9. Nxd4 exd4 10. Bxd4 Re8 11. Bd3 Nh5 12. Bxg7 Kxg7 13. Qd2 Qf6 14. g3 Qd4 15. 0-0-0 Nf6 16. f4 Bd7 17. g4 a6 18. f5 b5 19. g5 Nh5 20. f6+ Kg8 21. cxb5 axb5 22. Bxb5 Qxd2+ 23. Rxd2 Bxb5 24. Nxb5 Rxa2 25. Kb1 Ra5 26. Nxc7 Rxe4 27. Rc1 h6 28. Rc6 hxg5 29. b3 Re3 30. Kb2 Nxf6 31. Rxd6 Ne4 32. Rd8+ Kh7 33. Rc2 Nc5 34. b4 Rb3+ 35. Kc1 Rxb4 36. d6 Rd4 37. Ne8 Nd3+ 38. Kd2 Nf4+ 39. Kc3 Rd3+ 40. Kb4 Ra1 41. Rc7 Rb1+ 42. Kc4 Rc1+ 43. Kb5 Rb1+ 44. Kc6 Rc1+ 45. Kb7 Rb1+ 46. Kc8 Ne6 47. Rxf7+ Kh6 48. Nf6 g4 49. h4 g5 50. h5 Rc3+ 51. Kd7 Nc5+ 52. Ke7 Rb7+ 53. d7 Re3+ 54. Kf8 Ne6+ 55. Kg8 Nxd8 56. Rh7# 1-0

[Event "Titled Tuesday intern op 3rd Nov"]
[Site "Chess.com INT"]
[Date "2015.11.03"]
[Round "8"]
[White "Bartel, Mateusz"]
[Black "Chadaev, Nikolay"]
[Result "1/2-1/2"]
[WhiteElo "2624"]
[BlackElo "2591"]
[PlyCount "118"]
[EventDate "2015.11.03"]
[EventType "swiss (blitz)"]
[EventRounds "9"]
[EventCountry "USA"]
[SourceTitle "EXT 2021"]
[Source "ChessBase"]
[SourceDate "2020.10.23"]
[SourceVersion "1"]
[SourceVersionDate "2020.10.23"]
[SourceQuality "1"]

1. e4 c5 2. Ne2 g6 3. g3 Bg7 4. Bg2 Nc6 5. c3 e5 6. d3 Nge7 7. Be3 b6 8. h4 h5 9. c4 d6 10. Nbc3 0-0 11. Nd5 Nxd5 12. cxd5 Nd4 13. Nxd4 cxd4 14. Bg5 f6 15. Bd2 f5 16. f4 fxe4 17. dxe4 exf4 18. Bxf4 Ba6 19. Qa4 Bd3 20. Rd1 Bxe4 21. Bxe4 Qe7 22. Qc2 Rfe8 23. Kd2 Qxe4 24. Qxe4 Rxe4 25. Rhe1 Ree8 26. Bxd6 Bh6+ 27. Kd3 Be3 28. Bc7 Kf7 29. Re2 Rac8 30. Rf1+ Ke7 31. Bf4 Kd7 32. Bxe3 dxe3 33. Rxe3 Rxe3+ 34. Kxe3 Rc2 35. Rf7+ Kd6 36. Rxa7 Rxb2 37. a3 Kxd5 38. Kf4 Rb3 39. Rg7 Rxa3 40. Rxg6 b5 41. Rg5+ Kc4 42. Rxh5 b4 43. Rh8 Ra5 44. Rc8+ Kd3 45. Rb8 Kc3 46. g4 b3 47. Rxb3+ Kxb3 48. h5 Kc4 49. h6 Kd5 50. Kf5 Ra1 51. g5 Rh1 52. Kf6 Rh2 53. Kg7 Ke5 54. g6 Kf5 55. h7 Rh1 56. Kf7 Rh2 57. Kg7 Rh1 58. h8Q Rxh8 59. Kxh8 Kxg6 1/2-1/2

[Event "Titled Tuesday intern op 3rd Nov"]
[Site "Chess.com INT"]
[Date "2015.11.03"]
[Round "5"]
[White "Chadaev, Nikolay"]
[Black "Jackson, James P"]
[Result "1-0"]
[WhiteElo "2591"]
[BlackElo "2368"]
[PlyCount "125"]
[EventDate "2015.11.03"]
[EventType "swiss (blitz)"]
[EventRounds "9"]
[EventCountry "USA"]
[SourceTitle "EXT 2021"]
[Source "ChessBase"]
[SourceDate "2020.10.23"]
[SourceVersion "1"]
[SourceVersionDate "2020.10.23"]
[SourceQuality "1"]

1. Nf3 Nf6 2. c4 e6 3. g3 c5 4. Bg2 d5 5. 0-0 Nc6 6. cxd5 exd5 7. d4 Be7 8. dxc5 Bxc5 9. a3 Be7 10. b4 Ne4 11. Bb2 Bf6 12. Bxf6 Qxf6 13. Nbd2 Nc3 14. Qe1 0-0 15. Nb3 d4 16. b5 Be6 17. bxc6 Bxb3 18. cxb7 Rad8 19. Qd2 Bc4 20. Rfe1 Rfe8 21. Bf1 Ba6 22. b8Q Rxb8 23. Qxd4 Nxe2+ 24. Bxe2 Bxe2 25. Qxf6 gxf6 26. Nd4 Bd3 27. Rxe8+ Rxe8 28. Rd1 Bg6 29. Nb5 Bh5 30. Rc1 a5 31. Kg2 Rb8 32. Nd4 Rd8 33. Nf5 Bg6 34. Rc5 a4 35. Ne7+ Kg7 36. Nxg6 hxg6 37. Rc4 Ra8 38. g4 Ra5 39. Kg3 Ra7 40. h4 Ra5 41. Kf4 f5 42. g5 Kf8 43. Ke3 Ke7 44. Kd4 Ke6 45. f4 Rd5+ 46. Kc3 Rd1 47. Rxa4 Rh1 48. Rc4 Kd5 49. Rd4+ Kc5 50. Rd7 Rxh4 51. Rxf7 Rxf4 52. Rf6 Rf3+ 53. Kb2 Kc4 54. Rc6+ Kd4 55. Rxg6 Rg3 56. a4 f4 57. a5 f3 58. a6 f2 59. Rf6 Rxg5 60. Rxf2 Ra5 61. Rf6 Kc5 62. Rf5+ Kb6 63. Rxa5 1-0

[Event "Titled Tuesday intern op1 3rd Nov"]
[Site "Chess.com INT"]
[Date "2015.11.03"]
[Round "5"]
[White "Chadaev, Nikolay"]
[Black "Katz, Alexander R"]
[Result "1/2-1/2"]
[WhiteElo "2591"]
[BlackElo "2339"]
[PlyCount "119"]
[EventDate "2015.11.03"]
[EventType "swiss (blitz)"]
[EventRounds "9"]
[EventCountry "USA"]
[SourceTitle "EXT 2021"]
[Source "ChessBase"]
[SourceDate "2020.10.23"]
[SourceVersion "1"]
[SourceVersionDate "2020.10.23"]
[SourceQuality "1"]

1. d4 Nf6 2. Nf3 e6 3. c4 Bb4+ 4. Nbd2 0-0 5. a3 Bxd2+ 6. Bxd2 b6 7. g3 Bb7 8. Bg2 d6 9. 0-0 a5 10. b3 Nbd7 11. Qc2 Qe7 12. Bc3 Ne4 13. Bb2 f5 14. Rfd1 Ndf6 15. h3 Rad8 16. e3 g5 17. Nd2 c5 18. dxc5 bxc5 19. Nxe4 Bxe4 20. Qc3 Bxg2 21. Kxg2 e5 22. Qxa5 f4 23. exf4 gxf4 24. Qc3 Ne4 25. Qf3 fxg3 26. Qxe4 Rxf2+ 27. Kg1 Rxb2 28. Rd3 Rf8 29. Rxg3+ Kh8 30. Qg4 Qf6 31. Kh1 Qg6 32. Qxg6 hxg6 33. Rxg6 Rf3 34. Kg1 Rxh3 35. Rd1 Rbxb3 36. a4 Rhd3 37. Rxd3 Rxd3 38. a5 Kh7 39. Re6 Kg7 40. a6 Kf7 41. Rh6 Ra3 42. Rxd6 Ke7 43. Rb6 Ra4 44. Kf2 Rxc4 45. Ke3 Ra4 46. Kd3 Kd7 47. Rh6 Kc7 48. Kc3 e4 49. Re6 Kd7 50. Rh6 Ra3+ 51. Kc4 e3 52. Kxc5 e2 53. Rh1 Rxa6 54. Re1 Ra2 55. Kd4 Kd6 56. Kd3 Kd5 57. Rxe2 Ra3+ 58. Kd2 Ra2+ 59. Ke1 Rxe2+ 60. Kxe2 1/2-1/2

[Event "Titled Tuesday intern op1 3rd Nov"]
[Site "Chess.com INT"]
[Date "2015.11.03"]
[Round "6"]
[White "Chadaev, Nikolay"]
[Black "Pace, Christopher"]
[Result "0-1"]
[WhiteElo "2591"]
[BlackElo "2084"]
[PlyCount "62"]
[EventDate "2015.11.03"]
[EventType "swiss (blitz)"]
[EventRounds "9"]
[EventCountry "USA"]
[SourceTitle "EXT 2021"]
[Source "ChessBase"]
[SourceDate "2020.10.23"]
[SourceVersion "1"]
[SourceVersionDate "2020.10.23"]
[SourceQuality "1"]

1. e4 e5 2. Nf3 Nc6 3. Bb5 a6 4. Ba4 Nf6 5. 0-0 b5 6. Bb3 Be7 7. Re1 0-0 8. a4 Rb8 9. axb5 axb5 10. d3 d6 11. Nbd2 h6 12. h3 Be6 13. Bxe6 fxe6 14. c3 d5 15. exd5 Qxd5 16. Qe2 Nh5 17. Nf1 Bf6 18. N3h2 g6 19. Bxh6 Rfd8 20. Ng4 Qxd3 21. Nxf6+ Nxf6 22. Bg5 Qxe2 23. Rxe2 Kf7 24. Ng3 Rd5 25. Ra6 Rd1+ 26. Kh2 Ng4+ 27. hxg4 Rh8+ 28. Nh5 Rd6 29. Re3 gxh5 30. Rh3 Kg6 31. Be3 Ne7 0-1

[Event "Titled Tuesday intern op 3rd Nov"]
[Site "Chess.com INT"]
[Date "2015.11.03"]
[Round "7"]
[White "Chadaev, Nikolay"]
[Black "Viaje, Rhobz"]
[Result "1-0"]
[WhiteElo "2591"]
[BlackElo "2250"]
[PlyCount "53"]
[EventDate "2015.11.03"]
[EventType "swiss (blitz)"]
[EventRounds "9"]
[EventCountry "USA"]
[SourceTitle "EXT 2021"]
[Source "ChessBase"]
[SourceDate "2020.10.23"]
[SourceVersion "1"]
[SourceVersionDate "2020.10.23"]
[SourceQuality "1"]

1. d4 Nf6 2. Nf3 d5 3. c4 c6 4. Nc3 e6 5. g3 Nbd7 6. Bg2 dxc4 7. 0-0 Be7 8. a4 0-0 9. e4 e5 10. dxe5 Ng4 11. Bf4 Qa5 12. e6 fxe6 13. Qe2 g5 14. Nxg5 Bxg5 15. Qxg4 h6 16. Qxe6+ Kh7 17. Bxg5 hxg5 18. Rad1 Ne5 19. Qe7+ Rf7 20. Qe8 Bh3 21. Qxa8 Bxg2 22. Kxg2 g4 23. Rd8 Nf3 24. Rh8+ Kg6 25. Qg8+ Rg7 26. Qe6+ Kg5 27. Qh6# 1-0

[Event "Titled Tuesday intern op1 3rd Nov"]
[Site "Chess.com INT"]
[Date "2015.11.03"]
[Round "3"]
[White "Pham, Le Thao Nguyen"]
[Black "Chadaev, Nikolay"]
[Result "0-1"]
[WhiteElo "2319"]
[BlackElo "2591"]
[PlyCount "72"]
[EventDate "2015.11.03"]
[EventType "swiss (blitz)"]
[EventRounds "9"]
[EventCountry "USA"]
[SourceTitle "EXT 2021"]
[Source "ChessBase"]
[SourceDate "2020.10.23"]
[SourceVersion "1"]
[SourceVersionDate "2020.10.23"]
[SourceQuality "1"]

1. d4 Nf6 2. Nf3 g6 3. Bf4 Bg7 4. e3 0-0 5. Be2 d6 6. 0-0 Nc6 7. h3 Bf5 8. c4 Ne4 9. Bh2 a5 10. Nbd2 e5 11. d5 Nxd2 12. Qxd2 Ne7 13. Rac1 b6 14. Ne1 Bd7 15. f4 exf4 16. exf4 Nf5 17. Nf3 Re8 18. Bd3 Qf6 19. b3 h6 20. Kh1 a4 21. b4 a3 22. c5 bxc5 23. bxc5 Ne3 24. Rfe1 Nxd5 25. Bxg6 Qxg6 26. Qxd5 Be6 27. Qd2 Bb2 28. cxd6 Bxc1 29. Rxc1 cxd6 30. Nd4 Rac8 31. Rd1 Rb8 32. f5 Bxf5 33. Nxf5 Qxf5 34. Qxh6 Rb2 35. Bxd6 Rxa2 36. Rd4 Qf1+ 0-1

[Event "Titled Tuesday intern op 3rd Nov"]
[Site "Chess.com INT"]
[Date "2015.11.03"]
[Round "3"]
[White "Raptis, Nick"]
[Black "Chadaev, Nikolay"]
[Result "0-1"]
[WhiteElo "2240"]
[BlackElo "2591"]
[PlyCount "84"]
[EventDate "2015.11.03"]
[EventType "swiss (blitz)"]
[EventRounds "9"]
[EventCountry "USA"]
[SourceTitle "EXT 2021"]
[Source "ChessBase"]
[SourceDate "2020.10.23"]
[SourceVersion "1"]
[SourceVersionDate "2020.10.23"]
[SourceQuality "1"]

1. d4 Nf6 2. Nc3 d5 3. Bg5 Nbd7 4. Nf3 c5 5. e3 e6 6. Bd3 Be7 7. 0-0 0-0 8. Re1 h6 9. Bh4 a6 10. Ne5 Nxe5 11. dxe5 Nd7 12. Bxe7 Qxe7 13. f4 b5 14. Qh5 Bb7 15. Rf1 b4 16. Na4 Rac8 17. Rf3 d4 18. Rg3 Kh8 19. exd4 cxd4 20. b3 a5 21. Qg4 Rg8 22. Re1 Nc5 23. Nxc5 Rxc5 24. f5 exf5 25. Qxf5 g6 26. Qf4 Kg7 27. h4 Re8 28. Qxd4 Rxe5 29. Rge3 f6 30. Rxe5 fxe5 31. Qg4 e4 32. h5 Qg5 33. Qd7+ Re7 34. Qd4+ Qf6 35. Qd8 e3 36. Re2 gxh5 37. Qxa5 Qf4 38. Qxh5 Rf7 39. Qg6+ Kf8 40. Bc4 Rg7 41. Qb6 Re7 42. Qg6 Qg5 0-1

[Event "Titled Tuesday intern op 1st Sept"]
[Site "Chess.com INT"]
[Date "2015.09.01"]
[Round "5"]
[White "Chadaev, Nikolay"]
[Black "Bernotas, Arturs"]
[Result "1-0"]
[WhiteElo "2591"]
[BlackElo "2273"]
[PlyCount "83"]
[EventDate "2015.09.01"]
[EventType "swiss (blitz)"]
[EventRounds "9"]
[EventCountry "USA"]
[SourceTitle "EXT 2021"]
[Source "ChessBase"]
[SourceDate "2020.10.23"]
[SourceVersion "1"]
[SourceVersionDate "2020.10.23"]
[SourceQuality "1"]

1. e4 d5 2. exd5 Nf6 3. d4 Nxd5 4. Nf3 g6 5. Be2 Bg7 6. c4 Nb6 7. 0-0 0-0 8. Be3 Bg4 9. Nbd2 Nc6 10. h3 Bf5 11. Nb3 Nb4 12. Ne1 a5 13. a3 Nc6 14. Nf3 a4 15. Nc5 Nd7 16. Nxa4 e5 17. d5 Nd4 18. Nc3 Nc2 19. g4 e4 20. Nd4 Nxe3 21. fxe3 Qg5 22. Rf4 Nc5 23. Kh1 Bd7 24. b4 Bxd4 25. Qxd4 Nb3 26. Qd1 Nxa1 27. Nxe4 Qh4 28. Nf6+ Kh8 29. Kg2 Rxa3 30. Nxd7 Rxe3 31. Qd4+ f6 32. Qxe3 Nc2 33. Qe7 Ne1+ 34. Kh2 Rg8 35. Qxf6+ Qxf6 36. Nxf6 Rf8 37. g5 Nc2 38. c5 Kg7 39. Re4 Kf7 40. d6 cxd6 41. Bc4+ d5 42. Bxd5+ 1-0

[Event "Titled Tuesday intern op 1st Sept"]
[Site "Chess.com INT"]
[Date "2015.09.01"]
[Round "8"]
[White "Chadaev, Nikolay"]
[Black "Nestorovic, Nikola"]
[Result "1-0"]
[WhiteElo "2591"]
[BlackElo "2449"]
[PlyCount "97"]
[EventDate "2015.09.01"]
[EventType "swiss (blitz)"]
[EventRounds "9"]
[EventCountry "USA"]
[SourceTitle "EXT 2021"]
[Source "ChessBase"]
[SourceDate "2020.10.23"]
[SourceVersion "1"]
[SourceVersionDate "2020.10.23"]
[SourceQuality "1"]

1. d4 d5 2. c4 c6 3. Nf3 Nf6 4. g3 g6 5. Bg2 Bg7 6. 0-0 0-0 7. Qa4 Nfd7 8. cxd5 cxd5 9. Nc3 Nb6 10. Qd1 Nc6 11. Bf4 a6 12. Rc1 Bg4 13. Ne5 Nxe5 14. Bxe5 f6 15. Bf4 Be6 16. Na4 Nxa4 17. Qxa4 g5 18. Bd2 Qb6 19. Qb4 Qd6 20. Qxd6 exd6 21. Bb4 Rfd8 22. Rc7 b5 23. Ba5 Rdc8 24. Rfc1 Rxc7 25. Rxc7 Rc8 26. Bxd5 Re8 27. Bxe6+ Rxe6 28. e3 f5 29. Bc3 d5 30. Rd7 f4 31. gxf4 gxf4 32. exf4 Re4 33. Rxd5 Rxf4 34. a3 Rg4+ 35. Kf1 Rh4 36. Kg2 Rg4+ 37. Kf3 Rh4 38. Kg3 Rh6 39. h4 Bf6 40. h5 Bg7 41. f4 Re6 42. Rd8+ Kf7 43. Rd7+ Re7 44. Rxe7+ Kxe7 45. Kf3 Kd6 46. Ke4 Bf6 47. b3 Bd8 48. a4 bxa4 49. bxa4 1-0

[Event "Titled Tuesday intern op 1st Sept"]
[Site "Chess.com INT"]
[Date "2015.09.01"]
[Round "4"]
[White "Kiewra, Keaton F"]
[Black "Chadaev, Nikolay"]
[Result "0-1"]
[WhiteElo "2427"]
[BlackElo "2591"]
[PlyCount "78"]
[EventDate "2015.09.01"]
[EventType "swiss (blitz)"]
[EventRounds "9"]
[EventCountry "USA"]
[SourceTitle "EXT 2021"]
[Source "ChessBase"]
[SourceDate "2020.10.23"]
[SourceVersion "1"]
[SourceVersionDate "2020.10.23"]
[SourceQuality "1"]

1. d4 Nf6 2. Nf3 g6 3. Bg5 Bg7 4. Nbd2 d5 5. e3 0-0 6. c3 Nbd7 7. Be2 Re8 8. 0-0 e5 9. b4 c6 10. a4 h6 11. Bh4 Qe7 12. b5 c5 13. dxe5 Nxe5 14. Bg3 Nxf3+ 15. Bxf3 Bf5 16. Nb3 Rad8 17. Rc1 Ne4 18. Bxe4 dxe4 19. Qc2 Rd3 20. Qb2 Red8 21. Na5 R8d7 22. Bb8 Qd8 23. Nc6 bxc6 24. bxc6 Re7 25. Bg3 Be5 26. Bxe5 Rxe5 27. Qb7 Re7 28. Qb5 Qd6 29. Rb1 Rc7 30. Qb8+ Kg7 31. Qe8 Qxc6 32. Qe5+ f6 33. Qf4 Qd6 34. Qh4 g5 35. Qh5 Bg6 36. Qg4 h5 37. Qe2 Rxc3 38. Rb8 Rd3 39. Qb2 c4 0-1

[Event "Titled Tuesday intern op 4th Aug"]
[Site "Chess.com INT"]
[Date "2015.08.04"]
[Round "6"]
[White "Chadaev, Nikolay"]
[Black "Pham, Le Thao Nguyen"]
[Result "1-0"]
[WhiteElo "2591"]
[BlackElo "2332"]
[PlyCount "95"]
[EventDate "2015.08.04"]
[EventType "swiss (blitz)"]
[EventRounds "9"]
[EventCountry "USA"]
[SourceTitle "EXT 2021"]
[Source "ChessBase"]
[SourceDate "2020.10.23"]
[SourceVersion "1"]
[SourceVersionDate "2020.10.23"]
[SourceQuality "1"]

1. e4 c5 2. Nf3 e6 3. g3 d5 4. exd5 exd5 5. d4 Nc6 6. Bg2 Bg4 7. 0-0 Nxd4 8. Qe1+ Be7 9. Nxd4 cxd4 10. Qe5 Nf6 11. Qxd4 0-0 12. Nc3 Be6 13. Bf4 Qa5 14. Rad1 Rfd8 15. Be5 Rac8 16. Rfe1 h6 17. Qd3 Qb4 18. Bd4 a6 19. a3 Qa5 20. h3 Nd7 21. Ne2 Qc7 22. c3 Nc5 23. Qf3 Nb3 24. Nf4 Nxd4 25. Rxd4 Bf6 26. Rd2 d4 27. Nxe6 fxe6 28. cxd4 Bxd4 29. Rde2 e5 30. Qxb7 a5 31. Qxc7 Rxc7 32. b4 axb4 33. axb4 Rb8 34. Rb1 Rb6 35. Ra2 Rc3 36. Bd5+ Kf8 37. Kg2 Ke7 38. Be4 Kf6 39. b5 Ke6 40. Ra6 Kd6 41. Rxb6+ Bxb6 42. Rd1+ Kc7 43. Bc6 Bd4 44. Rd2 Rb3 45. f4 Kb6 46. f5 h5 47. Be8 h4 48. gxh4 1-0

[Event "Titled Tuesday intern op 2nd June"]
[Site "Chess.com INT"]
[Date "2015.06.02"]
[Round "1"]
[White "Chadaev, Nikolay"]
[Black "Beerdsen, Thomas"]
[Result "1/2-1/2"]
[WhiteElo "2591"]
[BlackElo "2277"]
[PlyCount "167"]
[EventDate "2015.06.02"]
[EventType "swiss (blitz)"]
[EventRounds "9"]
[EventCountry "USA"]
[SourceTitle "EXT 2021"]
[Source "ChessBase"]
[SourceDate "2020.10.23"]
[SourceVersion "1"]
[SourceVersionDate "2020.10.23"]
[SourceQuality "1"]

1. e4 c5 2. Nf3 d6 3. c3 Nf6 4. Be2 Nc6 5. d4 cxd4 6. cxd4 d5 7. e5 Ne4 8. 0-0 g6 9. Nc3 Nxc3 10. bxc3 Bg7 11. Re1 0-0 12. Bd3 Bg4 13. h3 Bxf3 14. Qxf3 Rc8 15. h4 Na5 16. Bd2 Nc4 17. Bg5 h6 18. Bc1 e6 19. h5 g5 20. Rb1 b6 21. Bc2 f5 22. exf6 Qxf6 23. Qxf6 Rxf6 24. Ba4 Rcf8 25. Re2 Kf7 26. Bc2 Ke7 27. a4 Rc8 28. Bd3 Kd7 29. g3 Bf8 30. Kg2 Nd6 31. Bd2 Nc4 32. Be1 Bd6 33. Rb5 Na5 34. Re3 Be7 35. Rb1 Bd6 36. Be2 Nc4 37. Rd3 Rcf8 38. Bg4 Kc6 39. Ra1 e5 40. Ra2 e4 41. Rd1 e3 42. Rd3 exf2 43. Rxf2 Rxf2+ 44. Bxf2 b5 45. axb5+ Kxb5 46. Bf3 Kc6 47. Rd1 a5 48. Ra1 Ra8 49. Bd1 Nb2 50. Bc2 a4 51. Kf3 a3 52. Ke2 Nc4 53. Bg6 Rb8 54. Be1 Rb2+ 55. Kf3 Nd2+ 56. Bxd2 Rxd2 57. Kg4 a2 58. Be8+ Kb6 59. Ba4 Rd3 60. Bb3 Rxc3 61. Bxd5 Rxg3+ 62. Kf5 Rd3 63. Rxa2 Rxd4 64. Rb2+ Kc5 65. Ba8 g4 66. Kg6 Bf4 67. Rc2+ Kd6 68. Bg2 Bg5 69. Ra2 Ke5 70. Re2+ Kf4 71. Ra2 Kg3 72. Ba8 Rf4 73. Bb7 Rf6+ 74. Kg7 Rf2 75. Ra5 Kh2 76. Rxg5 hxg5 77. h6 Kg3 78. h7 Rh2 79. h8Q Rxh8 80. Kxh8 Kf2 81. Kg7 g3 82. Kf6 g2 83. Bxg2 Kxg2 84. Kxg5 1/2-1/2

[Event "Titled Tuesday intern op 2nd June"]
[Site "Chess.com INT"]
[Date "2015.06.02"]
[Round "6"]
[White "Chadaev, Nikolay"]
[Black "Harutjunyan, Gevorg"]
[Result "1-0"]
[WhiteElo "2591"]
[BlackElo "2459"]
[PlyCount "125"]
[EventDate "2015.06.02"]
[EventType "swiss (blitz)"]
[EventRounds "9"]
[EventCountry "USA"]
[SourceTitle "EXT 2021"]
[Source "ChessBase"]
[SourceDate "2020.10.23"]
[SourceVersion "1"]
[SourceVersionDate "2020.10.23"]
[SourceQuality "1"]

1. e4 c6 2. Nc3 d5 3. Nf3 Bg4 4. h3 Bxf3 5. Qxf3 Nf6 6. d4 e6 7. Bd3 dxe4 8. Nxe4 Nbd7 9. c3 Be7 10. 0-0 0-0 11. Re1 a5 12. a4 Re8 13. Bf4 Nf8 14. Nxf6+ Bxf6 15. Rad1 Ng6 16. Be3 Qd5 17. Qxd5 exd5 18. g3 Re7 19. Bd2 Rae8 20. Rxe7 Rxe7 21. b3 Nf8 22. Kg2 Nd7 23. h4 h5 24. f3 g6 25. Kf2 c5 26. dxc5 Nxc5 27. Bc2 d4 28. cxd4 Bxd4+ 29. Kf1 b6 30. Bxa5 bxa5 31. Rxd4 Re3 32. Kf2 Rc3 33. Rc4 Nxa4 34. Rxc3 Nxc3 35. Ke3 Kg7 36. Kd3 Nd5 37. Kd4 Nb4 38. Bd1 Kf6 39. Be2 Kf5 40. Kc5 Ke5 41. Bc4 f6 42. Bf7 Kf5 43. Kb5 g5 44. Bxh5 gxh4 45. gxh4 Nc2 46. Kxa5 Nd4 47. b4 Ke5 48. b5 Kd6 49. b6 Kd7 50. Ka6 Kc8 51. Bg6 Nxf3 52. h5 Ne5 53. Bf5+ Kb8 54. h6 Nf7 55. h7 Nh8 56. Kb5 Nf7 57. Kc6 Nh8 58. Be4 Nf7 59. Kd7 f5 60. Bxf5 Kb7 61. Ke7 Nh8 62. Kf6 Kxb6 63. Kg7 1-0

[Event "Titled Tuesday intern op 2nd June"]
[Site "Chess.com INT"]
[Date "2015.06.02"]
[Round "4"]
[White "Golubov, Saveliy"]
[Black "Chadaev, Nikolay"]
[Result "0-1"]
[WhiteElo "2433"]
[BlackElo "2591"]
[PlyCount "156"]
[EventDate "2015.06.02"]
[EventType "swiss (blitz)"]
[EventRounds "9"]
[EventCountry "USA"]
[SourceTitle "EXT 2021"]
[Source "ChessBase"]
[SourceDate "2020.10.23"]
[SourceVersion "1"]
[SourceVersionDate "2020.10.23"]
[SourceQuality "1"]

1. e4 c5 2. Nf3 g6 3. d4 cxd4 4. Nxd4 Bg7 5. c4 Nc6 6. Be3 Nf6 7. Nc3 0-0 8. Be2 d6 9. 0-0 Bd7 10. Qd2 Nxd4 11. Bxd4 Bc6 12. f3 a5 13. b3 Nd7 14. Be3 Nc5 15. Rab1 Qb6 16. Rfc1 Rfc8 17. Bf1 Qb4 18. Rc2 h5 19. Qc1 Qb6 20. Kh1 Kh7 21. Qe1 Qb4 22. Qc1 Qb6 23. Qe1 Qd8 24. a3 Kg8 25. Qf2 Kh7 26. Ne2 Ne6 27. Nc3 Nc5 28. Qd2 Kg8 29. Ne2 Ne6 30. Nc3 Nc5 31. Ne2 Bd7 32. Nd4 Ne6 33. Ne2 b5 34. Nc1 Qc7 35. Nd3 bxc4 36. Rxc4 Qb7 37. Nf2 Bb5 38. Rxc8+ Rxc8 39. Bxb5 Qxb5 40. a4 Qb7 41. Nd1 Qa6 42. Kg1 Rb8 43. Kf2 Nc5 44. Bxc5 dxc5 45. Qc2 Bd4+ 46. Ne3 Qb6 47. Qc4 Qc7 48. g3 Rb4 49. Qd3 Qb6 50. Ke2 Bxe3 51. Qxe3 c4 52. Qxb6 Rxb6 53. Kd2 cxb3 54. Kc3 Rb4 55. Rxb3 Rxa4 56. Rb7 e6 57. Kd3 Ra2 58. Ra7 Rxh2 59. Ke3 Ra2 60. Kf4 Kg7 61. Kg5 a4 62. g4 hxg4 63. Kxg4 a3 64. Kf4 Ra1 65. Ke5 g5 66. Ra8 a2 67. Ra7 Kg6 68. Ra8 Rf1 69. Rxa2 Rxf3 70. Ra8 Kg7 71. Ra2 Rf4 72. Rg2 Kg6 73. Re2 Rh4 74. Rf2 Rf4 75. Re2 Rf3 76. Rg2 Kh5 77. Rh2+ Kg4 78. Rh7 f5 0-1